LEADER 01078nam a2200253 i 4500 001 000000167897 003 CaOOAMICUS 005 20071221000000.0 008 071221s1976 it u000 u ita u 013 $a145297 040 $aSeMil$bita 100 1 $aSpinsanti, Sandro,$d<1942- >.$0(OLS)http://semarc/name/12161 245 12$aI compagni scomodi dell'uomo-massa :$bi «santi» e i «morti» /$cSandro Spinsanti. 260 $a[Italia] :$bPaoline,$cCopyr. 1976. 300 $a102 p. ;$c18x11 cm. 490 0 $aI tempi forti ;$v3 650 4$aMorte - Meditazioni.$0(OLS)http://semarc/subject/5125 650 4$aMorte - Pastorale.$0(OLS)http://semarc/subject/19304 830 2$aI tempi forti ;$v3.$0(OLS)http://semarc/title/20192 850 $aSeMil 852 $aSeMil$W1$xVenegono$y1$m3F III 396$j119033$B119033$CSeMilBibl$Z2$F130776 $81 961 $aLascito: Cazzaniga don Francesco 996 $6245$aI compagni scomodi dell'uomo-massa :$bi «santi» e i «morti»$9(OLS)http://semarc/title/240241 996 $6260$a[Italia] :$bPaoline$9(OLS)http://semarc/publisher/31241 LEADER 01960nam a2200433 i 4500 001 000000068384 003 CaOOAMICUS 005 20250225125057.0 008 120703s1999 it u000 u ita u 013 $a39556 020 $a88-01-01056-7 040 $aSeMil$bita 245 00$aBioetica sociale /$cGiovanni Russo (a cura di) 260 $aLeumann (Torino) :$bElledici,$ccopyr. 1999. 264 1$aLeumann (TO) :$bElledici,$c1999. 300 $a335 p. ;$c21 cm. 490 0 $aEvangelium Vitae ;$v5 500 $aContiene : Bibliografia. 650 4$aBioetica - Studi.$0(OLS)http://semarc/subject/5741 650 4$aBioetica.$0(OLS)http://semarc/subject/2998 700 1 $aRusso, Giovanni,$d<1963- >.$0(OLS)http://semarc/name/22787 774 0 $aRusso, Giovanni <1963- >$tSuicidio.$w()298733 774 0 $aCiccone, Lino $tLegittima difesa ; Omicidio.$w()298734 774 0 $aCafaro, Angelo$tCremazione.$w()298736 774 0 $aLeone, Salvino <1954- >$tDroga ; Sport, anabolizzanti, doping.$w()298737 774 0 $aConte, Gianluigi$tTossicomanie e adolescenza.$w()298738 774 0 $aGiura, Patrizia$tAlcolismo e tabacco.$w()298739 774 0 $aPetrini, Massimo$tGeriatria e gerontologia.$w()298740 774 0 $aBurgio, Giuseppe Roberto$tBioetica delle vaccinazioni.$w()298741 774 0 $aReichlin, Massimo, <1965- >$tDistribuzione delle risorse sanitarie.$w()298742 830 0$aEvangelium Vitae ;$v5.$0(OLS)http://semarc/title/519 850 $aSeMil 852 $aSeMil$W1$xVenegono$y1$m2E II 286$j34537$B34537$CSeMilBibl$Z2$F34540 $81 961 $aOmaggio: Scuola Cattolica 996 $6020$a88-01-01056-7$9(OLS)http://semarc/number/46557 996 $6245$aBioetica sociale$9(OLS)http://semarc/title/109159 996 $6260$aLeumann (Torino) :$bElledici$9(OLS)http://semarc/publisher/31236 996 $6264$aLeumann (TO) :$bElledici$9(OLS)http://semarc/publisher/29715